00427 2200181 4500001002100000005001500021008004100036035001900077041000700096082000800103090001400111100002300125245001600148260003400164300001900198500001200217650001600229INLIS00000000000575020241224113147241224||||||||| | ||| |||| || |  0010-1224005750 aid0 a811 a811 SON O0 aSONI FARID MAULANA00aORANG MALAM bREKAMEDIA MULTIPRAKARSAc1998 a36HLM,;20,4 CM aCET. 01 0aKESUSASTRAN